ბათუმის შოთა რუსთაველის სახელმწიფო უნივერსიტეტის ბიბლიოთეკა

Phokäisches Elektron-Geld von 600 - 326 v. Chr. : (ბიბ.ჩანაწერი № 60665)

000 -LEADER
fixed length control field 00728nam a22001697a 4500
005 - DATE AND TIME OF LATEST TRANSACTION
control field 20231004161017.0
008 - FIXED-LENGTH DATA ELEMENTS--GENERAL INFORMATION
fixed length control field 231004s1976 gw ||||| |||| 00| 0 ger d
041 ## - LANGUAGE CODE
Language code of text/sound track or separate title ger
080 ## - UNIVERSAL DECIMAL CLASSIFICATION NUMBER
Universal Decimal Classification number 737 B-69
100 ## - MAIN ENTRY--PERSONAL NAME
Personal name Bodenstedt, Friedrich
9 (RLIN) 19996
245 ## - TITLE STATEMENT
Title Phokäisches Elektron-Geld von 600 - 326 v. Chr. :
Remainder of title Studien zur Bedeutung und zu den Wandlungen einer antiken Goldwährung /
Statement of responsibility, etc. Friedrich Bodenstedt
264 ## - PRODUCTION, PUBLICATION, DISTRIBUTION, MANUFACTURE, AND COPYRIGHT NOTICE
Place of production, publication, distribution, manufacture Mainz,
Date of production, publication, distribution, manufacture, or copyright notice 1976.
300 ## - PHYSICAL DESCRIPTION
Extent 170 p. :
Other physical details ill.
Dimensions 30 cm.
653 ## - INDEX TERM--UNCONTROLLED
keyword ფოკეის ელექტრონული ფული
653 ## - INDEX TERM--UNCONTROLLED
keyword ოქროს ვალუტის მნიშვნელობისა და ცვლილებების კვლევები
942 ## - ADDED ENTRY ELEMENTS (KOHA)
Source of classification or shelving scheme
Koha item type წიგნი
ეგზემპლარები
Withdrawn status Lost status Source of classification or shelving scheme Damaged status Not for loan Permanent Location Current Location Shelving location Date acquired Cost, normal purchase price Full call number Barcode Date last seen Copy number Uniform Resource Identifier Price effective from Koha item type Public note
          ბათუმის შოთა რუსთაველის სახელმწიფო უნივერსიტეტის მთავარი ბიბლიოთეკა ბათუმის შოთა რუსთაველის სახელმწიფო უნივერსიტეტის მთავარი ბიბლიოთეკა წიგნის კალათა 2023-10-04 12.00 737 B-69 65253 2023-10-04 65253 ბსუ-ს საპატიო დოქტორის გურამ ლორთქიფანიძის საჩუქარი 2023-10-04 წიგნი 12 ლ.